Responses for show #611 - Monday, April 13, 1987

Contestants

[<< previous game]

Jim Ryan, a writer from Alexandria, Virginia

Bev Praver, an entertaining educator from Covina, California

Chris Walkey, a jeweler originally from Boston, Massachusetts (whose 2-day cash winnings total $14,801)

[next game >>]

Jeopardy! Round responses

TRAINS
MONEY
STARTS WITH "P"
FAMOUS NAPOLEONS
DISNEYLAND
HONDURAS
[Alex mentioned the category's clues had not been selected in two previous games.]
    $100 11
George Pullman

Bev
    $100 16
doubloon

Jim
    $100 1
pluck

Chris
    $100 18
baseball

Jim
    $100 3
Tinker Bell

Chris
    $100 17
(Alex: [When Jim selected the clue in that category] Okay!)
...
[Laughter when Jim switched to a different category]

Columbus

Jim
    $700 12
(Bev: What is a steam train?)
(Alex: [sees Jim attempting to ring in] Jim, do you think you know?)
(Jim: [*].)
[The song does not play going into the break.]

"Last Train to Clarksville"

Bev
    $200 20
laundering

Jim
    $200 2
(Bev: [*], what is [*]?)

peek-a-boo

Bev
    $200 19
Animal Farm

Bev
    $200 5
Ronald Reagan

Bev
    $200 24
bananas

Jim
    $300 13
The Great Train Robbery

Bev
    $300 4
passport

Bev
    $300 21
(Jim: Who is Maximilian?)
(Bev: Who is Napoleon Bonaparte?)
...
(Alex: Less than a minute to go, Jim.)

Napoleon III

BevJim
Triple Stumper
    $300 8
Mickey Mouse

Jim
    $300 25
(Bev: Who are the Aztecs?)
...
[End of round signals]

Mayans

ChrisBev
    $400 14
(Bev: What are New York & San Francisco?)
(Chris: What are New York & Los Angeles?)

New York & Chicago

ChrisBev
Triple Stumper
    $400 6
Panhandle

Jim
    $400 22
Napoleon Hill

Jim
    $400 9
Tomorrowland

Bev
    $500 15
(Jim: What is a chain gang?)

Gandy dancers

BevJim
    $500 7
pectin

Triple Stumper
    $500 23
(Jim: [*], who is [*]?)
(Alex: He took the crown and placed it on his own head.)

Napoleon Bonaparte

Jim
    $500 10
bank (Bank of America)

Bev

Scores at the first commercial break (after clue 12):

Chris Bev Jim
$200 $1,000 $700

Scores at the end of the Jeopardy! Round:

Chris Bev Jim
$100 $1,000 $1,500

Double Jeopardy! Round responses

WORLD CAPITALS
WALKIN' SONGS
1966
RENAISSANCE FASHION
POETIC BIRDS
ACCORDING TO SPOCK
    $200 1
Isle of Man

Jim
    $200 17
Renée

Jim
    $200 6
Sandy Koufax

Jim
    $200 25
(Chris: What is whalebone?)

hoops

ChrisBev
    $200 9
robin

Jim
    $200 12
dessert

Chris
    $400 2
Bermuda

Chris
    $400 18
sit right down

Jim
    $800 7
famous people who got married

Jim
    $400 26
handkerchiefs

Bev
    $400 13
blackbird

Chris
    $400 20
sit down

Chris
    $700 3
(Chris: ...What is...the Philippines?)

Copenhagen

Chris
    $600 19
walk alone

Bev
    $600 8
In Cold Blood

Chris
    $600 27
(Chris: What are pomades?)

pomanders

ChrisBev
    $600 14
albatross

Jim
    $600 21
(Jim: What is the second birthday?)

first

ChrisJim
    $800 4
Asunción

Jim
    $800 24
(Bev: What is on the green grass?)

in the sand

Bev
Triple Stumper
    $800 10
Julian Bond

Jim
    $800 28
(Chris: What is a wig?)

cap (bonnet)

Chris
Triple Stumper
    $800 15
Nightingale

Jim
    $800 22
in English

Chris
    $1000 5
Washington, D.C.

Triple Stumper
    $1000 11
(Chris: Who is John Wayne?)
...
(Alex: [*], for his role in Cat Ballou.)

Lee Marvin

Chris
Triple Stumper
    $1000 16
eagle

Triple Stumper
    $1000 23
(Alex: We've got less than a minute to go.)

play by himself (amuse himself)

Bev

Scores at the end of the Double Jeopardy! Round:

Chris Bev Jim
$200 $3,000 $5,900

[wagering suggestions for these scores]

Final Jeopardy! Round responses

SPORTS
ChrisWho are the Toronto B Montr. Expos
$200
BevWho are the San Diego Padres?
$2,000
JimWho are the Montreal Expos?
$150
Montreal Expos

Final scores:

Chris Bev Jim
$400 $1,000 $6,050
3rd place: Colortyme VCR 2nd place: Magnavox VideoWRITER word processor & Ortho day bed New champion: $6,050

Game dynamics:

Coryat scores:

Chris Bev Jim
$900 $3,700 $5,500
10 R,
6 W
(including 1 DD)
14 R,
5 W
(including 1 DD)
19 R
(including 1 DD),
3 W

Combined Coryat: $10,100

The J! Archive is created by fans, for fans. The Jeopardy! game show and all elements thereof, including but not limited to copyright and trademark thereto, are the property of Jeopardy Productions, Inc. and are protected under law. This website is not affiliated with, sponsored by, or operated by Jeopardy Productions, Inc. Join the discussion at JBoard.tv.